[Event "19th Voronezh Master Open"]
[Site "Voronezh RUS"]
[Date "2015.06.19"]
[Round "8.4"]
[White "Kovalev, Vladislav"]
[Black "Kokarev, Dmitry"]
[Result "0-1"]
[WhiteTitle "GM"]
[BlackTitle "GM"]
[WhiteElo "2545"]
[BlackElo "2639"]
[WhiteFideId "13504398"]
[BlackFideId "4132181"]
[EventDate "2015.06.12"]

1. d4 Nf6 2. Nc3 d5 3. Bf4 c6 4. e3 g6 5. Nf3 Bg7 6. Bd3 O-O 7. h3 a5 8. O-O Be6
9. Re1 Na6 10. a3 Nc7 11. Be5 Nce8 12. e4 dxe4 13. Nxe4 Nxe4 14. Rxe4 Bd5 15.
Re1 Bxf3 16. Qxf3 Nf6 17. c4 Qb6 18. d5 Rfe8 19. Rad1 cxd5 20. cxd5 Nd7 21. Bg3
Qxb2 22. a4 Ne5 23. Bxe5 Bxe5 24. Re2 Qc3 25. Bb5 Qxf3 26. gxf3 Bd6 27. Bxe8
Rxe8 28. Rb2 Bb4 29. Rc2 Kg7 30. Rc4 b5 31. axb5 Rb8 32. Rc6 Rxb5 33. Kg2 Bc5
34. Ra1 Bd4 35. Ra3 Rb2 36. Rxa5 Bxf2 37. Ra4 Rd2 38. Kf1 Bg3 39. f4 Rf2+ 40.
Kg1 Rxf4 41. Ra3 Be1 42. Kg2 Rd4 43. Kf1 Bb4 44. Ra4 Rd1+ 45. Ke2 Rd2+ 46. Ke3
Rb2 47. Kd4 Bd6 48. Rxd6 exd6 49. Ra6 Rb4+ 50. Kc3 Rh4 51. Rxd6 Rxh3+ 52. Kc4
Rh1 53. Rd8 h5 54. d6 Rd1 55. Kc5 h4 56. Re8 h3 57. Re2 g5 58. Kc6 g4 59. d7 g3
60. Re1 Rxd7 61. Re3 g2 0-1

[Event "19th Voronezh Master Open"]
[Site "Voronezh RUS"]
[Date "2015.06.19"]
[Round "8.5"]
[White "Ponomarev, Dmitry"]
[Black "Goganov, Aleksey"]
[Result "1/2-1/2"]
[WhiteTitle "IM"]
[BlackTitle "GM"]
[WhiteElo "2409"]
[BlackElo "2608"]
[WhiteFideId "24112046"]
[BlackFideId "24109959"]
[EventDate "2015.06.12"]

1. d4 Nf6 2. Bg5 e6 3. Nd2 c5 4. e3 b6 5. Ngf3 Bb7 6. Bd3 Be7 7. c3 O-O 8. O-O
d5 9. Ne5 Nbd7 10. f4 Ne8 11. Bxe7 Qxe7 12. Rf3 g6 13. Rg3 Ng7 14. Rh3 f6 15.
Nxd7 Qxd7 16. Qg4 Nf5 17. Qe2 e5 18. fxe5 fxe5 19. dxe5 Rae8 20. Nf3 Qe7 21. e4
dxe4 22. Bxe4 Bxe4 23. Qxe4 Ng7 24. Qc4+ Qe6 25. Rh4 Qxc4 26. Rxc4 Ne6 27. Re4
Rd8 28. Ree1 Kf7 29. Rad1 Ke7 30. Kf2 Nf4 31. Kg3 Ne2+ 32. Kf2 Nf4 33. Kg3 Ne2+
34. Kf2 Nf4 35. Kg3 Ne2+ 36. Kf2 1/2-1/2

[Event "19th Voronezh Master Open"]
[Site "Voronezh RUS"]
[Date "2015.06.19"]
[Round "8.6"]
[White "Sivuk, Vitaly"]
[Black "Maletin, Pavel"]
[Result "0-1"]
[WhiteTitle "GM"]
[BlackTitle "GM"]
[WhiteElo "2491"]
[BlackElo "2587"]
[WhiteFideId "14116502"]
[BlackFideId "4146786"]
[EventDate "2015.06.12"]

1. d4 Nf6 2. c4 e6 3. Nc3 Bb4 4. Qc2 d6 5. Nf3 Nbd7 6. g4 d5 7. Bd2 O-O 8. g5
Bxc3 9. Bxc3 Ne4 10. h4 b6 11. e3 Nxc3 12. Qxc3 dxc4 13. Bg2 Bb7 14. Qxc4 c5 15.
O-O Qc8 16. Rfd1 Bd5 17. Qf1 Rd8 18. Ne1 Nf8 19. Rac1 Ng6 20. dxc5 bxc5 21. b4
c4 22. h5 Nh4 23. e4 Nxg2 24. Qxg2 Bb7 25. f3 Qc7 26. h6 Qf4 27. hxg7 c3 28. Nc2
Rd2 29. Rxd2 cxd2 30. Rd1 Rd8 31. Qf2 Rd3 32. Nd4 Bxe4 33. fxe4 Qg4+ 0-1

[Event "19th Voronezh Master Open"]
[Site "Voronezh RUS"]
[Date "2015.06.19"]
[Round "8.7"]
[White "Bocharov, Dmitry"]
[Black "Belyakov, Bogdan"]
[Result "1/2-1/2"]
[WhiteTitle "GM"]
[BlackTitle "IM"]
[WhiteElo "2580"]
[BlackElo "2477"]
[WhiteFideId "4138716"]
[BlackFideId "24104795"]
[EventDate "2015.06.12"]

1. d4 Nf6 2. c4 g6 3. g3 Bg7 4. Bg2 O-O 5. Nc3 d6 6. Nf3 Nc6 7. O-O a6 8. Re1
Re8 9. h3 Bd7 10. Rb1 Qc8 11. Kh2 e5 12. d5 Nd4 13. Nd2 b5 14. e3 Nf5 15. b4 c6
16. Bb2 bxc4 17. Nxc4 Rb8 18. Qb3 cxd5 19. Nxd5 Nxd5 20. Bxd5 Be6 21. Red1 Rb5
22. Bxe6 Qxe6 23. g4 Reb8 24. Bc3 Nh4 25. Nxd6 Qf6 26. f4 R5b6 27. Bxe5 Nf3+ 28.
Kg2 Nxe5 29. fxe5 Qxe5 30. Qxf7+ Kh8 31. Qc7 Qxe3 32. Qc4 h6 33. Ne4 Re8 34. Re1
Qf4 35. Rb3 Rbe6 36. Rf3 Qb8 37. Rfe3 Qb7 38. a3 R6e7 39. R3e2 Bf6 40. Kg1 Bh4
41. Qd4+ Kh7 42. Re3 Qc7 43. R1e2 Qc1+ 44. Kg2 Qc6 45. Kg1 Qc1+ 46. Kg2 Qc6 47.
Kg1 1/2-1/2

[Event "19th Voronezh Master Open"]
[Site "Voronezh RUS"]
[Date "2015.06.19"]
[Round "8.8"]
[White "Burmakin, Vladimir"]
[Black "Matinian, Nikita"]
[Result "1-0"]
[WhiteTitle "GM"]
[BlackTitle "IM"]
[WhiteElo "2571"]
[BlackElo "2473"]
[WhiteFideId "4105109"]
[BlackFideId "24129100"]
[EventDate "2015.06.12"]

1. d4 f5 2. g3 Nf6 3. Bg2 g6 4. b3 Bg7 5. Bb2 O-O 6. Nf3 a5 7. O-O d6 8. c4 c6
9. Nc3 Na6 10. Qd2 Bd7 11. Rae1 b5 12. cxb5 cxb5 13. Ng5 h6 14. Bxa8 Qxa8 15.
Nf3 g5 16. Nb1 Nb4 17. a3 Nbd5 18. Qd3 f4 19. Nbd2 Bh3 20. Qxb5 g4 21. Nh4 Nh7
22. e4 fxe3 23. fxe3 Bxf1 24. Rxf1 Rxf1+ 25. Qxf1 Ng5 26. Kf2 Nh3+ 27. Ke2 a4
28. b4 e6 29. Ng2 Qc6 30. Kd1 Nc3+ 31. Bxc3 Qxc3 32. Qc4 Qxa3 33. Qxe6+ Kh8 34.
Kc2 Qxb4 35. Qxg4 a3 36. Qc8+ Kh7 37. Qf5+ Kh8 38. Nh4 Qa4+ 39. Kc1 Qc6+ 40. Kd1
Qh1+ 41. Kc2 Qb7 42. Ng6+ Kg8 43. Qd5+ Qxd5 44. Ne7+ Kf7 45. Nxd5 Ke6 46. Nc7+
Kd7 47. Nb5 a2 48. Kb2 Nf2 49. Kxa2 Nd1 50. Nf1 Kc6 51. Na3 Kd5 52. Kb3 Ke4 53.
Nb5 d5 54. Nc3+ Nxc3 55. Kxc3 Kf3 56. Kd3 h5 57. Nd2+ Kg2 58. Ke2 Kxh2 59. Kf2
Bh6 60. Nb1 Bf8 61. Nc3 Bd6 62. Ne2 Kh3 63. Kf3 1-0

[Event "19th Voronezh Master Open"]
[Site "Voronezh RUS"]
[Date "2015.06.19"]
[Round "8.10"]
[White "Ulko, Jaroslav"]
[Black "Brodsky, Michail"]
[Result "0-1"]
[WhiteTitle "IM"]
[BlackTitle "GM"]
[WhiteElo "2460"]
[BlackElo "2564"]
[WhiteFideId "4116658"]
[BlackFideId "14100932"]
[EventDate "2015.06.12"]

1. d4 Nf6 2. c4 e6 3. Nf3 c5 4. d5 d6 5. Nc3 exd5 6. cxd5 g6 7. e4 a6 8. h3 b5
9. Bd3 Bg7 10. a3 O-O 11. O-O Re8 12. Re1 Nbd7 13. Bf4 Qb6 14. Qd2 c4 15. Bc2
Bb7 16. Rad1 Nc5 17. e5 dxe5 18. Bxe5 Ncd7 19. Bf4 Rxe1+ 20. Rxe1 Re8 21. Ne5
Nxe5 22. Bxe5 Qc5 23. Bxf6 Rxe1+ 24. Qxe1 Bxf6 25. Qe8+ Kg7 26. Be4 Qd6 27. Bf3
Bxc3 28. bxc3 Bxd5 29. Bxd5 Qxd5 30. Qe7 Qe6 31. Qa7 Qe1+ 32. Kh2 Qxc3 33. Qxa6
Qe5+ 34. Kg1 Qc5 35. a4 b4 36. Kh2 c3 37. Qf1 c2 38. Qc1 Qc3 39. a5 b3 40. a6 b2 0-1

[Event "19th Voronezh Master Open"]
[Site "Voronezh RUS"]
[Date "2015.06.19"]
[Round "8.11"]
[White "Rychagov, Andrey"]
[Black "Kozionov, Kirill"]
[Result "1-0"]
[WhiteTitle "GM"]
[BlackTitle "IM"]
[WhiteElo "2561"]
[BlackElo "2401"]
[WhiteFideId "4119932"]
[BlackFideId "24101729"]
[EventDate "2015.06.12"]

1. d4 d5 2. c4 e6 3. Nc3 a6 4. cxd5 exd5 5. Bf4 c6 6. Qc2 g6 7. e3 Bf5 8. Qb3 b5
9. Nf3 Bd6 10. Bxd6 Qxd6 11. Be2 Nf6 12. O-O O-O 13. Qd1 Nbd7 14. Rc1 Rfe8 15.
Nb1 Bxb1 16. Rxb1 Ne4 17. Ne1 a5 18. Nd3 a4 19. Qe1 Nb6 20. Rc1 Nc4 21. Rc2 a3
22. b3 Nb2 23. Qb4 Nxd3 24. Qxd6 Nxd6 25. Bxd3 Rec8 26. Rfc1 Ra6 27. Be2 Kf8 28.
Rc5 Rb6 29. Bg4 Rc7 30. Bf3 b4 31. Bxd5 Nb5 32. Bf3 Nc3 33. Rc2 Ke7 34. d5 Rb5
35. Rxc6 Rxc6 36. dxc6 Rc5 37. h4 Na4 38. Rd2 Rc1+ 39. Kh2 Nc3 40. Kg3 Nb1 41.
Rd7+ Ke8 42. Bd5 Rc5 43. Bxf7+ Kf8 44. c7 Nc3 45. Bc4 1-0

[Event "19th Voronezh Master Open"]
[Site "Voronezh RUS"]
[Date "2015.06.19"]
[Round "8.12"]
[White "Maiorov, Nikita1"]
[Black "Lomasov, Semen"]
[Result "1-0"]
[WhiteTitle "GM"]
[BlackTitle "FM"]
[WhiteElo "2560"]
[BlackElo "2305"]
[WhiteFideId "13501720"]
[BlackFideId "24164879"]
[EventDate "2015.06.12"]

1. d4 Nf6 2. c4 g6 3. Nc3 d5 4. cxd5 Nxd5 5. g3 Bg7 6. Bg2 Nxc3 7. bxc3 O-O 8.
Ba3 Nd7 9. Nf3 c5 10. O-O cxd4 11. Nxd4 Nb6 12. Qb3 Bxd4 13. cxd4 Be6 14. Qd3
Qd7 15. Rfd1 Rfd8 16. e4 Bc4 17. Qf3 Be6 18. Qd3 Bc4 19. Qe3 Ba6 20. Bb4 Nc4 21.
Qb3 Rac8 22. d5 e5 23. h4 Nd6 24. Rdc1 Nb5 25. Qa4 Rxc1+ 26. Rxc1 Rc8 27. Rc5 b6
28. Rxc8+ Bxc8 29. Bd2 Nd4 30. Qc4 Qg4 31. Bh6 f6 32. Qb4 Qd1+ 33. Kh2 1-0

[Event "19th Voronezh Master Open"]
[Site "Voronezh RUS"]
[Date "2015.06.19"]
[Round "8.13"]
[White "Mesropov, Konstantin"]
[Black "Fedorov, Alexei"]
[Result "0-1"]
[WhiteTitle "IM"]
[BlackTitle "GM"]
[WhiteElo "2417"]
[BlackElo "2555"]
[WhiteFideId "4116887"]
[BlackFideId "13500465"]
[EventDate "2015.06.12"]

1. d4 Nf6 2. Bg5 Ne4 3. Bf4 c5 4. f3 Nf6 5. dxc5 b6 6. e4 bxc5 7. Nc3 Nc6 8. Bb5
Bb7 9. Nge2 e6 10. Qd2 Be7 11. O-O-O O-O 12. Bd6 Bxd6 13. Qxd6 Qb6 14. h4 Rfd8
15. Bxc6 Bxc6 16. e5 Ne8 17. Qd2 d5 18. exd6 Nxd6 19. Kb1 Nc4 20. Qc1 Rdb8 21.
b3 Qb4 22. Ka1 Na3 23. Rd6 Rc8 24. Qd2 a5 25. Nb1 a4 26. Nxa3 Qxa3 27. Rb1 Bd5
28. Nc3 axb3 29. cxb3 Bxb3 30. Qb2 Bc4 31. Qxa3 Rxa3 32. Rbd1 Raa8 33. f4 h5 34.
Rd7 Rcb8 35. Rb1 Rb4 36. Rc1 e5 37. fxe5 Be6 38. Rc7 Ra5 39. Rb1 Rxh4 40. a4 Rc4
41. Kb2 Rg4 42. Ka3 Rg3 43. Rc1 Rxg2 44. Rb7 Bc4 45. Rh1 g6 46. e6 Bxe6 47. Rb5
Rxb5 48. axb5 Rc2 0-1

[Event "19th Voronezh Master Open"]
[Site "Voronezh RUS"]
[Date "2015.06.19"]
[Round "8.14"]
[White "Tarlev, Konstantin"]
[Black "Provotorov, Ivan"]
[Result "1-0"]
[WhiteTitle "GM"]
[BlackTitle "FM"]
[WhiteElo "2554"]
[BlackElo "2357"]
[WhiteFideId "14114089"]
[BlackFideId "4154657"]
[EventDate "2015.06.12"]

1. Nf3 d5 2. g3 g6 3. Bg2 Bg7 4. O-O Nf6 5. c4 c6 6. d4 dxc4 7. a4 O-O 8. Na3
Na6 9. Nxc4 Be6 10. b3 Bd5 11. Ba3 Rc8 12. Rc1 Rc7 13. b4 Bh6 14. e3 Qc8 15. Qe2
Qe6 16. Rfd1 Nb8 17. Nfd2 Bxg2 18. Kxg2 Nbd7 19. a5 Rd8 20. Qf3 Nf8 21. Ne5 Rd5
22. Ndc4 N6d7 23. Nd3 Rf5 24. Nf4 Bxf4 25. exf4 Rh5 26. g4 Rb5 27. Re1 Qd5 28.
Rxe7 Ne6 29. Qxd5 Nxf4+ 30. Kf3 Nxd5 31. Re8+ Kg7 32. Nd6 N7f6 33. Re5 Rd7 34.
Nxb5 cxb5 35. Rc5 h6 36. h4 Nc7 37. g5 hxg5 38. hxg5 Nfd5 39. Ke4 Ne7 40. d5 Ne8
41. Bb2 Kf8 42. Kf3 Nd6 43. Re1 b6 44. axb6 axb6 45. Rcc1 Nc4 46. Bf6 Nxd5 47.
Rh1 Nd2+ 48. Kg2 Nf4+ 49. Kh2 Nc4 50. Ra1 1-0

[Event "19th Voronezh Master Open"]
[Site "Voronezh RUS"]
[Date "2015.06.19"]
[Round "8.15"]
[White "Kharchenko, Boris"]
[Black "Sorokin, Aleksey"]
[Result "1-0"]
[WhiteTitle "GM"]
[BlackTitle "FM"]
[WhiteElo "2515"]
[BlackElo "2383"]
[WhiteFideId "14113210"]
[BlackFideId "24176460"]
[EventDate "2015.06.12"]

1. e4 c6 2. Nf3 d5 3. exd5 cxd5 4. Ne5 Nc6 5. Bb5 Bd7 6. Nxd7 Qxd7 7. d4 Rc8 8.
c3 e6 9. Nd2 Bd6 10. Qg4 f6 11. Bd3 Nh6 12. Qh3 e5 13. Qxd7+ Kxd7 14. dxe5 fxe5
15. Nf1 Ne7 16. Bxh6 gxh6 17. Ne3 Bc5 18. Rd1 Kc7 19. Bc2 Rcd8 20. O-O h5 21.
Rd2 h6 22. Bb3 d4 23. cxd4 Bxd4 24. Re1 Rhf8 25. Nc4 Nc6 26. Ba4 Rf6 27. Kf1 Rf5
28. Bxc6 bxc6 29. Rc2 h4 30. h3 Rdf8 31. f3 Rg8 32. Re4 Rf4 33. Rxf4 exf4 34.
Re2 c5 35. Re6 h5 36. Ra6 Rb8 37. b3 Re8 38. Rxa7+ Kb8 39. Rd7 Bc3 40. Rd1 Kc7
41. Rc1 Bd4 42. Re1 Ra8 43. Re7+ Kd8 44. Re2 Kc7 45. Ke1 Kc6 46. Kd1 Kb5 47. a3
Be3 48. Kc2 Rg8 49. Nxe3 fxe3 50. Kd3 Ra8 51. Ra2 Re8 52. Ke2 Kc6 53. a4 Kb6 54.
Rc2 1-0

[Event "19th Voronezh Master Open"]
[Site "Voronezh RUS"]
[Date "2015.06.20"]
[Round "9.2"]
[White "Kokarev, Dmitry"]
[Black "Burmakin, Vladimir"]
[Result "1/2-1/2"]
[WhiteTitle "GM"]
[BlackTitle "GM"]
[WhiteElo "2639"]
[BlackElo "2571"]
[WhiteFideId "4132181"]
[BlackFideId "4105109"]
[EventDate "2015.06.12"]

1. e4 c6 2. d4 d5 3. Nc3 dxe4 4. Nxe4 Nd7 5. Nf3 Ngf6 6. Ned2 g6 7. g3 Bg7 8.
Bg2 O-O 9. O-O Re8 10. Re1 Nf8 11. c3 Bf5 12. Qb3 Qc7 13. Ng5 e6 14. h3 h6 15.
Ngf3 g5 16. Nc4 Nd5 17. Ne3 Bh7 18. h4 f6 19. hxg5 hxg5 20. c4 Nxe3 21. Bxe3 Bg6
22. Rad1 Rad8 23. Nd2 Bh5 24. Rc1 Bf7 25. Ne4 Bg6 26. Nc3 Bf7 27. Ne4 Bg6 28.
Nc3 Bf7 29. d5 exd5 30. cxd5 Qb8 31. Red1 b6 32. Qa3 c5 33. Nb5 a5 34. d6 Rd7
35. Bd2 Ng6 36. Bc3 Ne5 37. Qa4 Bh5 38. Bxe5 Rxe5 39. Qc4+ Kh8 40. Re1 Qe8 41.
Kf1 Rd8 42. a4 Bf8 43. Rxe5 Qxe5 44. Re1 1/2-1/2

[Event "19th Voronezh Master Open"]
[Site "Voronezh RUS"]
[Date "2015.06.20"]
[Round "9.3"]
[White "Maletin, Pavel"]
[Black "Savchenko, Boris"]
[Result "0-1"]
[WhiteTitle "GM"]
[BlackTitle "GM"]
[WhiteElo "2587"]
[BlackElo "2556"]
[WhiteFideId "4146786"]
[BlackFideId "4147332"]
[EventDate "2015.06.12"]

1. d4 e6 2. c4 Nf6 3. Nf3 c5 4. d5 b5 5. Bg5 exd5 6. cxd5 h6 7. Bh4 d6 8. e4 a6
9. Bd3 Be7 10. a4 O-O 11. O-O Nxd5 12. Bxe7 Nxe7 13. axb5 Bb7 14. Nc3 axb5 15.
Rxa8 Bxa8 16. Bxb5 Nbc6 17. Bc4 Ng6 18. b3 Nge5 19. Nxe5 Nxe5 20. f3 Qb6 21. Kh1
Qb4 22. Nd5 Bxd5 23. Bxd5 Qb5 24. f4 Ng4 25. Bc4 Qd7 26. Qf3 Re8 27. Bd3 Nf6 28.
Re1 Qb7 29. e5 Qxf3 30. gxf3 Nh5 31. Be4 dxe5 32. fxe5 Nf4 33. Bf5 Kf8 34. Kg1
Ra8 35. Rd1 g6 36. Bd7 Rd8 37. Rd6 Ke7 38. Bb5 Rxd6 39. exd6+ Kxd6 40. Kf2 Ke5
41. Ke3 g5 42. Bd7 h5 43. Bc8 f5 44. Bb7 h4 45. Ba8 Nd5+ 46. Kd3 h3 47. Ke2 Kd4
48. Bb7 Ke5 49. Kf2 Nc3 50. Ke3 Nb5 51. Kd3 g4 52. fxg4 fxg4 53. Ke3 Nd4 54. Kf2
Kf4 55. Kg1 Nxb3 56. Kf2 Nd4 0-1

[Event "19th Voronezh Master Open"]
[Site "Voronezh RUS"]
[Date "2015.06.20"]
[Round "9.4"]
[White "Stukopin, Andrey"]
[Black "Levin, Evgeny A."]
[Result "1/2-1/2"]
[WhiteTitle "GM"]
[BlackTitle "GM"]
[WhiteElo "2580"]
[BlackElo "2515"]
[WhiteFideId "24107131"]
[BlackFideId "4182596"]
[EventDate "2015.06.12"]

1. e4 e6 2. d3 d5 3. Nd2 c5 4. g3 Nc6 5. Bg2 g6 6. Ngf3 Bg7 7. O-O Nge7 8. Re1
h6 9. c3 b6 10. e5 g5 11. d4 Ng6 12. h3 O-O 13. Nf1 cxd4 14. cxd4 f6 15. exf6
Qxf6 16. Be3 Nge7 17. N1h2 Nf5 18. Ng4 Qe7 19. a3 Bd7 20. b4 Rac8 21. Qd3 Be8
22. b5 Nxe3 23. Rxe3 Na5 24. Rae1 Bf7 25. Nge5 Nc4 26. Nxc4 Rxc4 27. Ne5 Bxe5
28. Rxe5 Qf6 29. f4 gxf4 30. Rf1 Bg6 31. Qd1 Qg7 32. gxf4 Be4 33. Qg4 Qxg4 34.
hxg4 Bxg2 35. Kxg2 Rxd4 36. Kg3 Rd3+ 37. Kh4 Rf6 38. f5 exf5 39. Rexf5 Rxf5 40.
Rxf5 d4 41. Rd5 Rxa3 42. Rxd4 Kg7 43. Rd7+ Kg6 44. Rd6+ 1/2-1/2

[Event "19th Voronezh Master Open"]
[Site "Voronezh RUS"]
[Date "2015.06.20"]
[Round "9.5"]
[White "Tukhaev, Adam"]
[Black "Bocharov, Dmitry"]
[Result "1-0"]
[WhiteTitle "GM"]
[BlackTitle "GM"]
[WhiteElo "2552"]
[BlackElo "2580"]
[WhiteFideId "14109476"]
[BlackFideId "4138716"]
[EventDate "2015.06.12"]

1. e4 c5 2. Nf3 e6 3. d4 cxd4 4. Nxd4 a6 5. c4 Nf6 6. Nc3 Qc7 7. a3 b6 8. Be3
Bb7 9. f3 Be7 10. Rc1 d6 11. Be2 Nbd7 12. O-O O-O 13. Qd2 Rfc8 14. b4 Rab8 15.
Rfd1 Qd8 16. Nb3 Ba8 17. Bf4 Ne5 18. c5 bxc5 19. Nxc5 a5 20. Na6 axb4 21. axb4
Rb7 22. Bxe5 dxe5 23. Qxd8+ Rxd8 24. Rxd8+ Bxd8 25. Na4 Rd7 26. b5 Bb7 27. N6c5
Rc7 28. b6 Rc8 29. Rb1 Rb8 30. Nxb7 Rxb7 31. Ba6 Rb8 32. b7 Kf8 33. Nc5 Be7 34.
Rc1 Bd6 35. Nb3 Nd7 36. Rc8+ Ke7 37. Na5 1-0

[Event "19th Voronezh Master Open"]
[Site "Voronezh RUS"]
[Date "2015.06.20"]
[Round "9.7"]
[White "Brodsky, Michail"]
[Black "Kharchenko, Boris"]
[Result "1/2-1/2"]
[WhiteTitle "GM"]
[BlackTitle "GM"]
[WhiteElo "2564"]
[BlackElo "2515"]
[WhiteFideId "14100932"]
[BlackFideId "14113210"]
[EventDate "2015.06.12"]

1. d4 d5 2. c4 Nc6 3. cxd5 Qxd5 4. e3 e5 5. Nc3 Bb4 6. a3 Bxc3+ 7. bxc3 Nf6 8.
c4 Qd6 9. d5 Nb8 10. Ne2 Na6 11. Nc3 Nc5 12. Be2 Nfe4 13. Bb2 Nxc3 14. Bxc3 O-O
15. O-O f6 16. Bd3 b6 17. Bc2 Ba6 18. Qg4 Qe7 19. Rfd1 Rad8 20. Bb4 Bc8 21. Qh4
g6 22. f4 a5 23. Bc3 e4 24. Rd4 Rd6 25. Bb2 Bd7 26. a4 Qe8 27. Ba3 Bxa4 28. Bxc5
Bxc2 29. Ba3 Rf7 30. c5 bxc5 31. Bxc5 Ra6 32. Qf2 Bd3 33. Qa2 Qb5 34. Rc1 Kg7
35. Ra4 Rd7 36. Bd4 h5 37. Rc5 Qb1+ 38. Qxb1 Bxb1 39. Raxa5 Rxa5 40. Rxa5 Bd3
41. Rc5 Rf7 42. Kf2 Kh7 43. Kg3 Kg7 44. h3 Kh6 45. Kh4 g5+ 46. fxg5+ fxg5+ 47.
Kg3 h4+ 48. Kh2 Bb1 49. Rc6+ Kh5 50. Re6 Bd3 51. Bc5 Bc4 52. Rxe4 Bxd5 53. Re5
Bb7 54. Be7 Rg7 55. e4 Rg6 56. Kg1 Kh6 57. Kf2 g4 58. Bxh4 gxh3 59. gxh3 Bc8 60.
Bg3 Bxh3 61. Bf4+ Kg7 62. Re7+ Kf8 63. Rxc7 Ra6 64. Be3 Be6 65. Kf3 Ra4 66. Bh6+
Ke8 67. Bg5 Kf8 68. Be7+ Kf7 69. Bb4+ Kg6 70. Rb7 Bc8 71. Rb6+ Kf7 72. Kf4 Ra6
73. Rb8 Rc6 74. Ke5 Rc4 75. Bd6 Rc2 76. Rb3 Bg4 77. Rb7+ Kg6 78. Bf8 Bc8 79.
Rg7+ Kh5 80. Bd6 Kh6 1/2-1/2

[Event "19th Voronezh Master Open"]
[Site "Voronezh RUS"]
[Date "2015.06.20"]
[Round "9.8"]
[White "Papin, Vasily"]
[Black "Rychagov, Andrey"]
[Result "1-0"]
[WhiteTitle "GM"]
[BlackTitle "GM"]
[WhiteElo "2480"]
[BlackElo "2561"]
[WhiteFideId "4143183"]
[BlackFideId "4119932"]
[EventDate "2015.06.12"]

1. Nf3 d5 2. c4 e6 3. g3 Nf6 4. Bg2 Be7 5. O-O O-O 6. b3 b6 7. Bb2 Bb7 8. e3
Nbd7 9. Nc3 c5 10. Qe2 Rc8 11. Rfd1 Qc7 12. Rac1 Qb8 13. Nh4 dxc4 14. bxc4 Bxg2
15. Nxg2 Rfd8 16. f4 Qb7 17. d3 a6 18. a4 Ne8 19. g4 Nc7 20. Rb1 Qc6 21. g5 Rb8
22. d4 cxd4 23. exd4 Nf8 24. d5 Bc5+ 25. Kh1 exd5 26. Qf3 Bb4 27. cxd5 Qb7 28.
Ne3 Rd7 29. Ne4 Rbd8 30. Bxg7 Nxd5 31. Rxd5 Rxd5 32. Bf6 1-0

[Event "19th Voronezh Master Open"]
[Site "Voronezh RUS"]
[Date "2015.06.20"]
[Round "9.9"]
[White "Potapov, Pavel"]
[Black "Maiorov, Nikita1"]
[Result "0-1"]
[WhiteTitle "IM"]
[BlackTitle "GM"]
[WhiteElo "2478"]
[BlackElo "2560"]
[WhiteFideId "4169786"]
[BlackFideId "13501720"]
[EventDate "2015.06.12"]

1. e4 e5 2. Nf3 Nc6 3. Nc3 Nf6 4. d4 exd4 5. Nxd4 Bb4 6. Nxc6 bxc6 7. Bd3 d5 8.
exd5 cxd5 9. O-O O-O 10. h3 Rb8 11. Bg5 c6 12. Qf3 Bd6 13. Rab1 h6 14. Bxf6 Qxf6
15. Qxf6 gxf6 16. Ne2 Re8 17. Ng3 Re5 18. b3 Bd7 19. f4 Bc5+ 20. Kh2 Re3 21.
Rbd1 Kf8 22. c4 Be6 23. cxd5 cxd5 24. Nh5 Bd4 25. Bb1 Bc3 26. f5 Be5+ 27. Kg1
Bc8 28. Nf4 d4 29. Nd5 Re2 30. Nf4 Re3 31. Nd5 Rg3 32. Be4 Bb7 33. Kf2 Rd8 34.
Nxf6 Ba6 35. Ng4 Bf4 36. Rfe1 Rc3 37. Bf3 Rc2+ 38. Kg1 Bg3 39. Re4 h5 40. Nf6
Bb7 41. Bxh5 Bxe4 42. Nxe4 Bf4 43. Kf1 Rd5 44. Bf3 Be3 45. a4 Rxf5 46. Nd6 Re5
47. Nc4 Re6 48. Bd5 Re7 49. a5 Rc7 50. Rd3 Rc5 51. Bf3 Bf2 52. a6 f5 53. Bb7 f4
54. Rf3 Bg3 55. Rd3 Rb5 56. Nd2 Rc1+ 57. Ke2 Re1+ 58. Kf3 Re3+ 59. Rxe3 fxe3 60.
Ne4 Be5 61. g4 Bf4 62. Bc6 Rb6 63. Bd5 d3 64. Nc5 d2 65. Ke2 Ke7 66. Bc4 Rh6 67.
Nd3 Rxh3 68. Nxf4 Rh2+ 0-1

[Event "19th Voronezh Master Open"]
[Site "Voronezh RUS"]
[Date "2015.06.20"]
[Round "9.10"]
[White "Fedorov, Alexei"]
[Black "Ponomarev, Dmitry"]
[Result "1-0"]
[WhiteTitle "GM"]
[BlackTitle "IM"]
[WhiteElo "2555"]
[BlackElo "2409"]
[WhiteFideId "13500465"]
[BlackFideId "24112046"]
[EventDate "2015.06.12"]

1. e4 c6 2. d4 d5 3. e5 Bf5 4. h4 h5 5. Bg5 Qb6 6. Bd3 Bxd3 7. Qxd3 e6 8. Nd2
Ne7 9. Ngf3 Qa6 10. c4 dxc4 11. Nxc4 Nf5 12. O-O Nd7 13. Qc2 g6 14. Rfd1 Bg7 15.
Ncd2 O-O 16. Ne4 Qb6 17. Rd2 Rfc8 18. Rc1 Qc7 19. Rd3 Nb6 20. a3 Nd5 21. Qd2 b6
22. g4 hxg4 23. Nh2 Kf8 24. Nxg4 Ke8 25. Nef6+ Nxf6 26. exf6 Bf8 27. d5 exd5 28.
Qe2+ Kd8 29. h5 gxh5 30. Ne5 Qb7 31. Qxh5 Nd6 32. Qh8 Kc7 33. Rxc6+ Qxc6 34.
Nxc6 Kxc6 35. Bf4 Bh6 36. Rc3+ Nc4 37. Qxh6 Rh8 38. Qg7 Rhg8 39. b3 Rxg7+ 40.
fxg7 Rg8 41. Bh6 1-0

[Event "19th Voronezh Master Open"]
[Site "Voronezh RUS"]
[Date "2015.06.20"]
[Round "9.15"]
[White "Zontakh, Andrey"]
[Black "Chekhov, Sergei"]
[Result "1/2-1/2"]
[WhiteTitle "GM"]
[BlackTitle "IM"]
[WhiteElo "2538"]
[BlackElo "2476"]
[WhiteFideId "14101130"]
[BlackFideId "4195639"]
[EventDate "2015.06.12"]

1. d4 Nf6 2. c4 e6 3. Nf3 b6 4. g3 Bb7 5. Bg2 Be7 6. O-O O-O 7. Re1 Na6 8. Nc3
Ne4 9. Qc2 Nxc3 10. bxc3 f5 11. Ne5 Bxg2 12. Kxg2 Bf6 13. Nf3 Qc8 14. Bf4 Qb7
15. e4 fxe4 16. Rxe4 c5 17. Rae1 cxd4 18. cxd4 Qc6 19. Qd3 Rac8 20. d5 Nc5 21.
Qd1 Qa4 22. Qxa4 Nxa4 23. dxe6 dxe6 24. Rxe6 Rxc4 25. Bd6 Rfc8 26. Ne5 Rc2 27.
Ng4 Bc3 28. Re8+ Rxe8 29. Rxe8+ Kf7 30. Re7+ Kg8 31. a3 a5 32. Re8+ Kf7 33. Re4
b5 34. Re7+ Kg8 35. Rb7 Rb2 36. Be5 Bxe5 37. Nxe5 h5 38. Nc6 Nc3 39. Nxa5 Nd1
40. Kg1 Nxf2 1/2-1/2